[Event "ch-ISR 2014"]
[Site "Beer-Sheva ISR"]
[Date "2014.06.23"]
[Round "6.14"]
[White "Poleg, Matan"]
[Black "Ben Artzi, Ido"]
[Result "0-1"]
[BlackTitle "FM"]
[WhiteElo "2125"]
[BlackElo "2359"]
[WhiteFideId "2811472"]
[BlackFideId "2810913"]
[EventDate "2014.06.17"]

1. d4 Nf6 2. c4 g6 3. Nc3 d5 4. cxd5 Nxd5 5. g3 Bg7 6. Bg2 Nb6 7. Nf3 Nc6 8. Bf4
O-O 9. O-O Re8 10. d5 Nb4 11. e4 c6 12. Qb3 Nd3 13. Be3 cxd5 14. Rad1 Ne5 15.
Nxe5 Bxe5 16. Nxd5 Be6 17. f4 Bxd5 18. exd5 Bf6 19. Bd4 Bxd4+ 20. Rxd4 Qd6 21.
Kh1 Qc5 22. Rd2 Nc4 23. Rc2 b5 24. f5 Qd4 25. fxg6 hxg6 26. Rcf2 Nd6 27. Rxf7
Nxf7 28. d6 Qc4 29. d7 Rf8 30. Rxf7 Qxb3 31. Rxf8+ Kxf8 32. axb3 Rd8 33. Bc6 a6
34. Kg2 e6 35. Kf3 Ke7 36. h4 Kd6 37. Be4 Rxd7 38. Bxg6 Ke5 39. Ke3 Rd1 40. Bd3
Rh1 41. Be2 Rb1 42. g4 Rxb2 43. g5 Rxb3+ 44. Bd3 Rxd3+ 0-1

[Event "ch-ISR 2014"]
[Site "Beer-Sheva ISR"]
[Date "2014.06.23"]
[Round "6.15"]
[White "Eliagov, Kafar"]
[Black "Kraus, Yair"]
[Result "1-0"]
[WhiteTitle "FM"]
[WhiteElo "2268"]
[BlackElo "2093"]
[WhiteFideId "2804883"]
[BlackFideId "2804786"]
[EventDate "2014.06.17"]

1. e4 c5 2. Nf3 e6 3. d4 cxd4 4. Nxd4 Nf6 5. Bd3 Nc6 6. Nxc6 bxc6 7. O-O e5 8.
Nd2 Bc5 9. c4 d6 10. Nb3 Bb6 11. Bg5 Bg4 12. Qe1 h6 13. Be3 Bxe3 14. Qxe3 Nh5
15. g3 O-O 16. f3 Be6 17. Rf2 Qf6 18. Rd1 a5 19. Bf1 a4 20. Nc1 Rfd8 21. Rfd2
Rab8 22. Kh1 Rb7 23. Qa3 Rbd7 24. Kg2 d5 25. cxd5 cxd5 26. Bb5 Rd6 27. Ne2 d4
28. Qxa4 Qg6 29. Bc4 Bc8 30. Qb3 Nf6 31. a4 Nd7 32. a5 Rf6 33. Qa3 Nf8 34. Qe7
Bh3+ 35. Kg1 Rc8 36. Bd5 Rxf3 37. Qxe5 Qa6 38. Bc4 Ng6 39. Qh5 1-0

[Event "ch-ISR 2014"]
[Site "Beer-Sheva ISR"]
[Date "2014.06.23"]
[Round "6.16"]
[White "Volman, Horacio"]
[Black "Horesh, Tal"]
[Result "1-0"]
[WhiteElo "2203"]
[BlackElo "2139"]
[WhiteFideId "2800853"]
[BlackFideId "2809451"]
[EventDate "2014.06.17"]

1. e4 e6 2. d3 c5 3. g3 Nc6 4. Bg2 g6 5. Nc3 Bg7 6. f4 d6 7. Nf3 Nge7 8. O-O O-O
9. Be3 Nd4 10. Qd2 Nec6 11. Ne1 Qb6 12. Nd1 Qa5 13. Qxa5 Nxa5 14. c3 Nb5 15. Nf3
Nc7 16. Nf2 Rd8 17. Rfd1 b6 18. Rac1 Bb7 19. Rc2 Nc6 20. d4 a5 21. g4 a4 22. h3
Nb5 23. Bf1 Ba6 24. d5 exd5 25. exd5 Na5 26. c4 Nc7 27. Bd2 Nb7 28. Bc3 Re8 29.
Bxg7 Kxg7 30. Re1 b5 31. cxb5 Bxb5 32. Bxb5 Nxb5 33. Rce2 Rxe2 34. Rxe2 Nc7 35.
Re1 Nb5 36. Re2 Na5 37. Ne4 Nc4 38. f5 f6 39. fxg6 hxg6 40. g5 f5 41. Nf6 Kf7
42. Kf2 a3 43. b3 Nb2 44. h4 Nd3+ 45. Kg3 Nc1 46. Re6 Rh8 47. h5 f4+ 48. Kxf4
gxh5 49. Kf5 Rd8 50. g6+ Kf8 51. Kg5 Nc7 52. Re1 Nxa2 53. Kh6 Nxd5 54. Nxd5 Nb4
55. Nf4 Nc2 56. Rc1 a2 57. Ne6+ Kg8 58. Nxd8 a1=Q 59. Rxa1 Nxa1 60. Nh4 Nxb3 61.
Nf5 c4 62. Ne6 1-0

[Event "ch-ISR 2014"]
[Site "Beer-Sheva ISR"]
[Date "2014.06.24"]
[Round "7.1"]
[White "Roiz, Michael"]
[Black "Mikhalevski, Victor"]
[Result "1/2-1/2"]
[WhiteTitle "GM"]
[BlackTitle "GM"]
[WhiteElo "2589"]
[BlackElo "2519"]
[WhiteFideId "2804158"]
[BlackFideId "2801914"]
[EventDate "2014.05.17"]

1. d4 Nf6 2. c4 g6 3. Nc3 d5 4. Nf3 Bg7 5. Qb3 dxc4 6. Qxc4 O-O 7. e4 a6 8. Be2
b5 9. Qb3 c5 10. dxc5 Be6 11. Qc2 Nbd7 12. Be3 Rc8 13. Rd1 b4 14. Nd5 Bxd5 15.
exd5 Nxc5 16. O-O Nce4 17. Qd3 Qd6 18. g3 a5 19. Bf4 Qc5 20. Ne5 Rcd8 21. Qc4
Qxc4 22. Bxc4 Nh5 23. Rfe1 Nd6 24. Bf1 Nxf4 1/2-1/2

[Event "ch-ISR 2014"]
[Site "Beer-Sheva ISR"]
[Date "2014.06.24"]
[Round "7.2"]
[White "Zoler, Dan"]
[Black "Huzman, Alexander"]
[Result "1/2-1/2"]
[WhiteTitle "GM"]
[BlackTitle "GM"]
[WhiteElo "2503"]
[BlackElo "2573"]
[WhiteFideId "2800705"]
[BlackFideId "2803828"]
[EventDate "2014.05.17"]

1. d4 d5 2. c4 c6 3. Nf3 Nf6 4. e3 Bf5 5. Nc3 e6 6. Nh4 Be4 7. f3 Bg6 8. Nxg6
hxg6 9. Qb3 Qc7 10. Bd2 dxc4 11. Bxc4 a6 12. f4 c5 13. dxc5 Bxc5 14. Rc1 Nc6 15.
Be2 O-O 16. Bf3 Rfd8 1/2-1/2

[Event "ch-ISR 2014"]
[Site "Beer-Sheva ISR"]
[Date "2014.06.24"]
[Round "7.3"]
[White "Golod, Vitali"]
[Black "Postny, Evgeny"]
[Result "1/2-1/2"]
[WhiteTitle "GM"]
[BlackTitle "GM"]
[WhiteElo "2559"]
[BlackElo "2641"]
[WhiteFideId "2804140"]
[BlackFideId "2804344"]
[EventDate "2014.05.17"]

1. d4 Nf6 2. c4 e6 3. Nf3 b6 4. a3 Ba6 5. Qc2 Bb7 6. Nc3 c5 7. e4 cxd4 8. Nxd4
Bc5 9. Nb3 Nc6 10. Bg5 Be7 11. Be2 O-O 12. Bf4 d6 13. O-O Ne5 14. Rfd1 Qc7 15.
Rac1 Rac8 16. Nd2 Qb8 17. Qb1 Qa8 18. h3 Rfd8 19. Be3 Ba6 20. Qa2 d5 21. cxd5
Bxe2 22. Nxe2 Rxc1 23. Nxc1 exd5 24. Bd4 Ng6 25. e5 Ne4 26. Ne2 Qc8 27. Qb1 Nxd2
28. Rxd2 Bg5 29. Rd1 Qe6 30. Re1 Bd2 31. Rd1 Bg5 32. Re1 Re8 33. Bc3 Qd7 34. Qd1
Bf4 35. Nxf4 Nxf4 36. Qg4 Qxg4 37. hxg4 Ne6 38. Rc1 Rc8 39. Bd2 Rxc1+ 40. Bxc1
Nc5 41. Be3 Nd3 1/2-1/2

[Event "ch-ISR 2014"]
[Site "Beer-Sheva ISR"]
[Date "2014.06.24"]
[Round "7.4"]
[White "Bakalchuk, Johnatan"]
[Black "Kantarji, Pinchas"]
[Result "1/2-1/2"]
[BlackTitle "FM"]
[WhiteElo "2244"]
[BlackElo "2417"]
[WhiteFideId "2810301"]
[BlackFideId "2803712"]
[EventDate "2014.05.17"]

1. e4 c5 2. Nf3 e6 3. Nc3 a6 4. d4 cxd4 5. Nxd4 d6 6. g3 Ne7 7. Bg2 Nec6 8. O-O
Nxd4 9. Qxd4 Nc6 10. Qe3 Be7 11. b3 O-O 12. Bb2 Qc7 13. Rad1 b5 14. a3 Bb7 15.
f4 Rac8 16. b4 Nb8 17. e5 dxe5 18. Bxb7 Qxb7 19. fxe5 a5 20. Ne4 Rxc2 21. Qf3
Kh8 22. Bc3 Na6 23. Nd6 Qxf3 24. Rxf3 axb4 25. axb4 Kg8 26. Ra1 Nc7 27. Ra7 Nd5
28. Bd4 Rc7 29. Rxc7 Nxc7 30. Ra3 Ra8 31. Rxa8+ Nxa8 32. Nxb5 Bxb4 33. Kg2 Ba5
34. Kf3 Bb6 35. Bc3 h6 36. Bb4 Kh7 37. g4 Kg6 38. h4 h5 39. Nd6 f6 40. gxh5+
Kxh5 41. Ne8 Kg6 42. h5+ Kf7 43. h6 gxh6 44. Nxf6 Nc7 45. Bd2 Kg6 46. Nd7 Bg1
47. Nf8+ Kg7 48. Nd7 Nd5 49. Nf6 Nxf6 50. exf6+ Kg6 51. Ke4 Bh2 52. f7 Bd6 53.
Bxh6 Kxh6 54. f8=Q+ Bxf8 55. Ke5 Kg6 56. Kxe6 1/2-1/2

[Event "ch-ISR 2014"]
[Site "Beer-Sheva ISR"]
[Date "2014.06.24"]
[Round "7.5"]
[White "Smirin, Ilia"]
[Black "Steinberg, Nitzan"]
[Result "1-0"]
[WhiteTitle "GM"]
[BlackTitle "IM"]
[WhiteElo "2660"]
[BlackElo "2416"]
[WhiteFideId "2801990"]
[BlackFideId "2801795"]
[EventDate "2014.05.17"]

1. e4 c5 2. Nf3 d6 3. d4 cxd4 4. Nxd4 Nf6 5. Nc3 a6 6. h3 e5 7. Nde2 h5 8. g3
Be7 9. Bg2 Be6 10. f4 b5 11. Be3 h4 12. g4 Nbd7 13. Qd2 exf4 14. Nxf4 Ne5 15. b3
Rc8 16. Nce2 Bd7 17. Nd4 Qc7 18. g5 Nh5 19. Nd5 Qd8 20. O-O Ng3 21. Rf2 Rh5 22.
Nxe7 Qxe7 23. Rd1 Bc6 24. Nf5 Nxf5 25. Rxf5 Bd7 26. Rf2 Rc6 27. Bf4 Be6 28. Kh2
Qc7 29. a4 bxa4 30. bxa4 Ke7 31. Rb1 Rh8 32. Qb4 a5 33. Qa3 Rc5 34. Rb5 Rc8 35.
Bxe5 dxe5 36. g6 Qd6 37. Rb7+ R8c7 38. gxf7 Bxf7 39. Rb8 Qg6 40. Rf3 Be8 41. Kh1
Qc6 42. Rc3 Qd6 43. Rd3 Qf6 44. Rd5 1-0

[Event "ch-ISR 2014"]
[Site "Beer-Sheva ISR"]
[Date "2014.06.24"]
[Round "7.6"]
[White "Mordechai, Hanan"]
[Black "Baron, Tal"]
[Result "0-1"]
[WhiteTitle "FM"]
[BlackTitle "GM"]
[WhiteElo "2314"]
[BlackElo "2515"]
[WhiteFideId "2804166"]
[BlackFideId "2809958"]
[EventDate "2014.05.17"]

1. e4 c5 2. Nf3 d6 3. d4 cxd4 4. Nxd4 Nf6 5. Nc3 a6 6. Bg5 Nbd7 7. f4 Qc7 8. Qf3
b5 9. Bxf6 Nxf6 10. e5 Bb7 11. Qg3 dxe5 12. fxe5 O-O-O 13. O-O-O Nd5 14. Nxd5
Rxd5 15. Nf3 Rxd1+ 16. Kxd1 g6 17. Bd3 f5 18. Ng5 Bd5 19. a4 e6 20. axb5 axb5
21. Bxb5 h6 22. Nf3 Qa5 23. Qxg6 Qxb5 24. Qf6 Rg8 25. Qf7 Rh8 26. Qf6 Rg8 27.
Qf7 Bxf3+ 28. Kc1 Rxg2 29. Qxf8+ Kb7 30. Qe7+ Kb8 31. Qd8+ Ka7 32. Qe7+ Bb7 33.
Qa3+ Qa6 34. Qc5+ Qb6 35. Qa3+ Kb8 36. Qf8+ Bc8 37. Rd1 Rg1 38. Qxh6 Qa7 39. Qh5
Qa1+ 40. Kd2 Rg2+ 41. Kc3 Qa5+ 42. Kd4 0-1

[Event "ch-ISR 2014"]
[Site "Beer-Sheva ISR"]
[Date "2014.06.24"]
[Round "7.7"]
[White "Givon, Asaf"]
[Black "Nakar, Eylon"]
[Result "1-0"]
[WhiteTitle "IM"]
[BlackTitle "IM"]
[WhiteElo "2459"]
[BlackElo "2442"]
[WhiteFideId "2801841"]
[BlackFideId "2811111"]
[EventDate "2014.05.17"]

1. e4 e6 2. d4 d5 3. Nc3 Bb4 4. e5 c5 5. a3 Bxc3+ 6. bxc3 Ne7 7. Qg4 cxd4 8.
Qxg7 Rg8 9. Qxh7 Qc7 10. Ne2 Nbc6 11. f4 dxc3 12. Qd3 d4 13. Nxd4 Nxd4 14. Qxd4
Bd7 15. Rg1 Nf5 16. Qf2 Qc6 17. Bd3 Qd5 18. Be3 Nxe3 19. Qxe3 Rxg2 20. Rxg2 Qxg2
21. Be4 Qxh2 22. O-O-O Bc6 23. Kb1 Rd8 24. Bxc6+ bxc6 25. Rg1 Kd7 26. Qxa7+ Kc8
27. Qb6 Qxf4 28. Qxc6+ Kb8 29. Ka1 1-0

[Event "ch-ISR 2014"]
[Site "Beer-Sheva ISR"]
[Date "2014.06.24"]
[Round "7.8"]
[White "Lederer, Yoav"]
[Black "Kantsler, Boris"]
[Result "0-1"]
[BlackTitle "GM"]
[WhiteElo "2298"]
[BlackElo "2420"]
[WhiteFideId "2800292"]
[BlackFideId "2805359"]
[EventDate "2014.05.17"]

1. c4 e5 2. g3 Nc6 3. Bg2 Nf6 4. Nc3 Bc5 5. Nf3 d6 6. O-O O-O 7. d3 h6 8. a3 a6
9. b4 Ba7 10. Bb2 Bg4 11. Rc1 Qd7 12. e3 Ne7 13. Qd2 Ng6 14. Nd5 Nxd5 15. cxd5
f5 16. h3 Bh5 17. Rc4 Ne7 18. Nh2 Bf7 19. e4 c6 20. dxc6 Nxc6 21. Rcc1 Be6 22.
h4 f4 23. gxf4 Rxf4 24. Rc2 Bh3 25. Qe2 Raf8 26. Qh5 Kh7 27. Nf3 Rxf3 0-1

[Event "ch-ISR 2014"]
[Site "Beer-Sheva ISR"]
[Date "2014.06.24"]
[Round "7.9"]
[White "Zanan, Evgeny"]
[Black "Gurbanov, Andrei"]
[Result "1/2-1/2"]
[WhiteTitle "FM"]
[WhiteElo "2257"]
[BlackElo "2329"]
[WhiteFideId "24101940"]
[BlackFideId "13503391"]
[EventDate "2014.05.17"]

1. d4 d5 2. c4 e6 3. Nf3 Nf6 4. g3 Bb4+ 5. Bd2 Be7 6. Bg2 O-O 7. O-O c6 8. Qc2
b6 9. Bf4 Nbd7 10. Rd1 Bb7 11. b3 c5 12. dxc5 Nxc5 13. Nc3 Rc8 14. Nb5 a6 15.
Nc3 Qe8 16. Ne5 dxc4 17. bxc4 Bxg2 18. Kxg2 b5 19. Rab1 bxc4 20. f3 Ncd7 21. Rb7
Nxe5 22. Bxe5 a5 23. Qb2 Rd8 24. Rc1 Rd7 25. Rb8 Rd8 26. Rb7 Rd7 27. Rb8 Rd8 28.
Rb7 1/2-1/2

[Event "ch-ISR 2014"]
[Site "Beer-Sheva ISR"]
[Date "2014.06.24"]
[Round "7.10"]
[White "Rinberg, Alexander"]
[Black "Arlinsky, Uriel"]
[Result "0-1"]
[WhiteTitle "FM"]
[BlackTitle "FM"]
[WhiteElo "2321"]
[BlackElo "2314"]
[WhiteFideId "14102510"]
[BlackFideId "2809575"]
[EventDate "2014.05.17"]

1. e4 c5 2. Nf3 e6 3. Nc3 d6 4. d4 cxd4 5. Nxd4 Nf6 6. g4 h6 7. h4 a6 8. Rg1 h5
9. gxh5 Nxh5 10. Bg5 Qb6 11. Qd2 Nc6 12. O-O-O Qxd4 13. Qxd4 Nxd4 14. Rxd4 Bd7
15. Be2 Bc6 16. Re1 Be7 17. Nd5 Bxd5 18. exd5 e5 19. Rb4 Bxg5+ 20. hxg5 O-O-O
21. Bg4+ Kb8 22. Re3 Nf4 23. Reb3 b5 24. Bf3 Rh2 25. a4 Rc8 26. axb5 a5 27. Ra4
Rxf2 28. Kb1 Rcxc2 29. Rxa5 Rcd2 30. Raa3 e4 31. Bxe4 Rd1+ 32. Ka2 Ne2 33. Rc3
Nxc3+ 34. Rxc3 Rdd2 35. Rc6 Rxb2+ 36. Ka3 Rbe2 37. Bb1 Re3+ 38. Ka4 Kb7 0-1

[Event "ch-ISR 2014"]
[Site "Beer-Sheva ISR"]
[Date "2014.06.24"]
[Round "7.11"]
[White "Ben Artzi, Ido"]
[Black "Axelrod, Arie"]
[Result "1-0"]
[WhiteTitle "FM"]
[BlackTitle "FM"]
[WhiteElo "2359"]
[BlackElo "2305"]
[WhiteFideId "2810913"]
[BlackFideId "2804867"]
[EventDate "2014.05.17"]

1. d4 Nf6 2. c4 e6 3. Nc3 Bb4 4. e3 O-O 5. Bd3 d5 6. Nf3 c5 7. O-O Nc6 8. cxd5
exd5 9. dxc5 Bxc3 10. bxc3 Bg4 11. Qb3 Bxf3 12. gxf3 Qd7 13. Qa4 Ne5 14. Qxd7
Nfxd7 15. Be2 Nxc5 16. Ba3 Rfc8 17. Rfd1 Nc4 18. Bxc4 dxc4 19. Bxc5 Rxc5 20. Rd7
b5 21. Rad1 g6 22. Rb7 a5 23. a3 b4 24. axb4 axb4 25. cxb4 Rcc8 26. Rc1 c3 27.
b5 Kg7 28. b6 Ra6 29. Kf1 Rc6 30. f4 Kf6 31. Rb8 Raxb6 32. Rxc3 Rxc3 33. Rxb6+
Kg7 34. Rb5 Rc1+ 35. Kg2 Re1 36. Kf3 Rh1 37. Kg2 Re1 38. Rb7 Kf6 39. Rb8 h6 40.
h4 h5 41. Rb5 Ra1 42. Rg5 Ra4 43. Kg3 Ra1 44. Rc5 Rg1+ 45. Kh2 Re1 46. Rg5 Ra1
47. f5 Ra4 48. fxg6 fxg6 49. Kg3 Re4 50. Rd5 Rg4+ 51. Kh3 Rg1 52. Rd4 Kg7 53.
Rf4 Kh6 54. Kh2 Re1 55. Rf7 Ra1 56. e4 Re1 57. Re7 Rf1 58. Kg2 Re1 59. f4 Re2+
60. Kf3 Rh2 61. Kg3 Rh1 62. Rf7 Rg1+ 63. Kh2 Re1 64. e5 Re2+ 65. Kg3 Re3+ 66.
Kf2 Re4 67. Kf3 Re1 68. Rd7 Rf1+ 69. Ke4 Re1+ 70. Kd5 Rd1+ 71. Kc6 Rc1+ 72. Kd6
Rd1+ 73. Kc7 Rc1+ 74. Kd8 Ra1 75. e6 Ra8+ 76. Kc7 Ra7+ 77. Kd6 Ra6+ 78. Ke5 Ra5+
79. Rd5 Ra7 80. Kf6 Ra6 81. Kf7 1-0

[Event "ch-ISR 2014"]
[Site "Beer-Sheva ISR"]
[Date "2014.06.24"]
[Round "7.12"]
[White "Reshef, Omer"]
[Black "Gamayev, Oleg"]
[Result "1/2-1/2"]
[WhiteElo "2266"]
[BlackElo "2166"]
[WhiteFideId "2804336"]
[BlackFideId "2802813"]
[EventDate "2014.05.17"]

1. e4 d6 2. d4 Nf6 3. Nc3 e5 4. Nf3 exd4 5. Nxd4 Be7 6. Be2 O-O 7. O-O c5 8. Nb3
Nc6 9. f4 a5 10. a4 Be6 11. f5 Bd7 12. Bf4 Ne8 13. Kh1 Rc8 14. Bc4 Nb4 15. Qe2
Bg5 16. Bxg5 Qxg5 1/2-1/2

[Event "ch-ISR 2014"]
[Site "Beer-Sheva ISR"]
[Date "2014.06.24"]
[Round "7.13"]
[White "Tseitlin, Mark D"]
[Black "Birnboim, Nathan"]
[Result "0-1"]
[WhiteTitle "GM"]
[BlackTitle "IM"]
[WhiteElo "2349"]
[BlackElo "2333"]
[WhiteFideId "2800128"]
[BlackFideId "2800209"]
[EventDate "2014.05.17"]

1. e4 c5 2. Nf3 Nc6 3. Bb5 a6 4. Bxc6 bxc6 5. O-O d5 6. d3 Bg4 7. h3 Bh5 8. Nbd2
e6 9. Re1 Bd6 10. e5 Bc7 11. Nf1 Ne7 12. g4 Bg6 13. Ng3 Qb8 14. Kg2 h6 15. b3
Ba5 16. Bd2 Bxd2 17. Qxd2 Qb4 18. Qxb4 cxb4 19. a3 c5 20. axb4 cxb4 21. Nd4 Kd7
22. Ra4 Rhb8 23. f4 Rb6 24. f5 Bh7 25. Rf1 exf5 26. gxf5 f6 27. e6+ Kd6 28. Nge2
Ke5 29. Nf3+ Kxf5 30. Ned4+ Kg6 31. c3 a5 32. cxb4 Rxb4 33. Rfa1 Rxa4 34. Rxa4
Kh5 35. Ne2 g5 36. Ng3+ Kg6 37. b4 Nc6 38. b5 Nb4 39. Nd4 Nxd3 40. Ra3 Nf4+ 41.
Kf3 a4 42. Nge2 Nxe2 43. Kxe2 Bg8 44. Kd2 f5 45. e7 Bf7 46. Kc3 f4 47. Kb4 Kf6
48. b6 Be8 49. Kc5 Rb8 50. Ra1 Kxe7 51. Nf5+ Kd8 52. Nd6 f3 53. b7 Kc7 54. Re1
Bd7 0-1

[Event "ch-ISR 2014"]
[Site "Beer-Sheva ISR"]
[Date "2014.06.24"]
[Round "7.14"]
[White "Frenkel, Ran"]
[Black "Eliagov, Kafar"]
[Result "1-0"]
[BlackTitle "FM"]
[WhiteElo "2174"]
[BlackElo "2268"]
[WhiteFideId "2815974"]
[BlackFideId "2804883"]
[EventDate "2014.05.17"]

1. e4 c5 2. Nf3 d6 3. c3 Nf6 4. Be2 g6 5. O-O Bg7 6. Qc2 O-O 7. d4 b6 8. Rd1
cxd4 9. cxd4 Bb7 10. Nc3 Qc7 11. Bd3 Nbd7 12. Qe2 Rac8 13. Bd2 Rfe8 14. b4 e6
15. a4 Nh5 16. g4 Nhf6 17. h3 e5 18. d5 Qb8 19. Bb5 Red8 20. a5 Ne8 21. a6 Ba8
22. Bc4 Nf8 23. Rac1 Rd7 24. Bb5 Rdc7 25. Bxe8 Rxe8 26. Nb5 Rd7 27. Nh2 f5 28.
f3 Rf7 29. Rc2 Nd7 30. Rdc1 fxe4 31. fxe4 Ref8 32. Rc7 Qd8 33. Nxd6 Nc5 34. Rxf7 1-0

[Event "ch-ISR 2014"]
[Site "Beer-Sheva ISR"]
[Date "2014.06.24"]
[Round "7.15"]
[White "Volman, Horacio"]
[Black "Poleg, Matan"]
[Result "0-1"]
[WhiteElo "2203"]
[BlackElo "2125"]
[WhiteFideId "2800853"]
[BlackFideId "2811472"]
[EventDate "2014.05.17"]

1. c4 Nf6 2. Nc3 e6 3. e4 d5 4. e5 Ne4 5. Nf3 Nc6 6. d4 Bb4 7. Qc2 Ba5 8. Be3
O-O 9. Be2 Nb4 10. Qa4 c5 11. O-O Nc6 12. dxc5 Nxc3 13. bxc3 Bxc3 14. Rac1 Bxe5
15. Nxe5 Nxe5 16. cxd5 exd5 17. Bf4 Re8 18. Rfd1 Bd7 19. Qd4 Ng6 20. Be3 Bc6 21.
Bf3 Qa5 22. Qb2 Rad8 23. h3 Qc7 24. Rd2 d4 25. Bxd4 Bxf3 26. gxf3 Nh4 27. Bxg7
Nxf3+ 28. Kg2 Nh4+ 29. Kf1 Qh2 30. Qxb7 Rxd2 0-1

[Event "ch-ISR 2014"]
[Site "Beer-Sheva ISR"]
[Date "2014.06.24"]
[Round "7.16"]
[White "Horesh, Tal"]
[Black "Kraus, Yair"]
[Result "1-0"]
[WhiteElo "2139"]
[BlackElo "2093"]
[WhiteFideId "2809451"]
[BlackFideId "2804786"]
[EventDate "2014.05.17"]

1. d4 Nf6 2. Nf3 g6 3. c4 Bg7 4. Nc3 O-O 5. e4 d6 6. h3 Nc6 7. Be3 e5 8. d5 Nd4
9. Nxd4 exd4 10. Qxd4 Re8 11. Qd3 Nxe4 12. Nxe4 f5 13. Qd2 Rxe4 14. Bd3 Re8 15.
O-O Qf6 16. Rab1 Bd7 17. Rfe1 c5 18. Re2 Qh4 19. Rbe1 Qd8 20. Bf4 Qc7 21. Bg5
Be5 22. Kf1 a6 23. f4 Bg7 24. Re7 Rxe7 25. Bxe7 b5 26. Qf2 Re8 27. Re2 bxc4 28.
Bxc4 Bb5 29. Bxb5 axb5 30. Bxd6 Rxe2 31. Bxc7 Rxf2+ 32. Kxf2 Kf7 33. Be5 Bf8 34.
Ke3 Ke8 35. b3 1-0

[Event "ch-ISR 2014"]
[Site "Beer-Sheva ISR"]
[Date "2014.06.25"]
[Round "8.1"]
[White "Mikhalevski, Victor"]
[Black "Huzman, Alexander"]
[Result "1/2-1/2"]
[WhiteTitle "GM"]
[BlackTitle "GM"]
[WhiteElo "2519"]
[BlackElo "2573"]
[WhiteFideId "2801914"]
[BlackFideId "2803828"]
[EventDate "2014.05.17"]

1. d4 Nf6 2. c4 e6 3. g3 d5 4. Bg2 Bb4+ 5. Bd2 Be7 6. Nf3 O-O 7. O-O c6 8. Qc2
b6 9. Rd1 Nbd7 10. b3 Ba6 11. a4 c5 12. Na3 Bb7 13. Qb2 Ne4 14. Be1 Bf6 15. e3
Qb8 16. Rac1 Rc8 17. Qb1 cxd4 18. Nxd4 Ndc5 19. cxd5 exd5 20. Bh3 Rd8 21. a5
Bxd4 22. exd4 Ne6 23. f3 Nd6 24. Qd3 Bc8 25. Bg2 Bd7 26. Nc2 Bb5 27. Qd2 bxa5
28. Qxa5 Nf5 1/2-1/2

[Event "ch-ISR 2014"]
[Site "Beer-Sheva ISR"]
[Date "2014.06.25"]
[Round "8.2"]
[White "Roiz, Michael"]
[Black "Zoler, Dan"]
[Result "1/2-1/2"]
[WhiteTitle "GM"]
[BlackTitle "GM"]
[WhiteElo "2589"]
[BlackElo "2503"]
[WhiteFideId "2804158"]
[BlackFideId "2800705"]
[EventDate "2014.05.17"]

1. d4 d5 2. c4 c6 3. Nc3 Nf6 4. e3 e6 5. Nf3 Nbd7 6. Qc2 Bd6 7. b3 O-O 8. Be2 b6
9. O-O Bb7 10. Bb2 Qe7 11. Rad1 Rfd8 12. Rfe1 h6 13. Bf1 Bb4 14. Nd2 c5 15. a3
Ba5 16. dxc5 1/2-1/2

[Event "ch-ISR 2014"]
[Site "Beer-Sheva ISR"]
[Date "2014.06.25"]
[Round "8.3"]
[White "Givon, Asaf"]
[Black "Smirin, Ilia"]
[Result "0-1"]
[WhiteTitle "IM"]
[BlackTitle "GM"]
[WhiteElo "2459"]
[BlackElo "2660"]
[WhiteFideId "2801841"]
[BlackFideId "2801990"]
[EventDate "2014.05.17"]

1. e4 c5 2. Nf3 e6 3. d4 cxd4 4. Nxd4 a6 5. c4 Nf6 6. Nc3 Qc7 7. Be2 Bb4 8. O-O
Nc6 9. Bg5 h5 10. Nxc6 dxc6 11. Qd3 e5 12. Rac1 h4 13. a3 Be7 14. Qe3 h3 15. g3
Ng4 16. Bxg4 Bxg4 17. f3 Be6 18. Nd5 Bxd5 19. exd5 f6 20. f4 O-O 21. Bh4 cxd5
22. cxd5 Qd6 23. Qe4 Qb6+ 24. Kh1 Qxb2 25. fxe5 f5 26. Qf3 Bxh4 27. gxh4 Qxe5
28. Rcd1 Qe4 29. d6 Rad8 30. Kg1 Qxh4 31. Qxb7 Rf6 32. d7 Rf7 33. Qf3 g6 34. Rd6
Kh7 35. Rd3 Rfxd7 36. Qxh3 Qxh3 37. Rxh3+ Kg7 38. Rc3 Rd3 39. Rc7+ Kh6 40. Rc6
R8d6 41. Rxd6 Rxd6 42. Rf4 Rd5 43. Ra4 a5 44. Kf2 Kh5 45. Ke3 0-1

[Event "ch-ISR 2014"]
[Site "Beer-Sheva ISR"]
[Date "2014.06.25"]
[Round "8.4"]
[White "Postny, Evgeny"]
[Black "Baron, Tal"]
[Result "1-0"]
[WhiteTitle "GM"]
[BlackTitle "GM"]
[WhiteElo "2641"]
[BlackElo "2515"]
[WhiteFideId "2804344"]
[BlackFideId "2809958"]
[EventDate "2014.05.17"]

1. d4 Nf6 2. c4 e6 3. Nf3 d5 4. Nc3 dxc4 5. e3 a6 6. a4 c5 7. Bxc4 Nc6 8. O-O
Be7 9. dxc5 Qxd1 10. Rxd1 Bxc5 11. Bd2 b6 12. Na2 Ne4 13. Be1 Be7 14. b4 O-O 15.
Rac1 Nf6 16. b5 axb5 17. Bxb5 Na7 18. Bb4 Bxb4 19. Nxb4 Bb7 20. Ne5 Rfc8 21. Nc4
Rab8 22. Nd6 Rc5 23. Rxc5 bxc5 24. Nd3 Nxb5 25. axb5 Bd5 26. Rc1 Rd8 27. Rxc5
Kf8 28. Rc8 Rxc8 29. Nxc8 Bc4 30. Ne5 Bxb5 31. Nxf7 Ba6 32. Nfd6 Nd7 33. f3 g6
34. Kf2 Kg7 35. Na7 Ne5 36. e4 Kf6 37. Ndb5 g5 38. Nc3 Nd3+ 39. Ke3 Ne1 40. Kf2
Nd3+ 41. Ke3 Ne1 42. g3 Nc2+ 43. Kf2 Ke5 44. Nab5 h6 45. h3 Bb7 46. Ne2 Ba6 47.
Nbc3 Kf6 48. Nd1 Nb4 49. Ke3 Nc2+ 50. Kd2 Nb4 51. Ne3 Nc6 52. Ng4+ Kg7 53. Ke3
h5 54. Nh2 Ne5 55. f4 Nc4+ 56. Kf2 Nd2 57. Nc3 gxf4 58. gxf4 Kf6 59. e5+ 1-0

[Event "ch-ISR 2014"]
[Site "Beer-Sheva ISR"]
[Date "2014.06.25"]
[Round "8.5"]
[White "Bakalchuk, Johnatan"]
[Black "Golod, Vitali"]
[Result "0-1"]
[BlackTitle "GM"]
[WhiteElo "2244"]
[BlackElo "2559"]
[WhiteFideId "2810301"]
[BlackFideId "2804140"]
[EventDate "2014.05.17"]

1. e4 e5 2. Nc3 Nf6 3. f4 d5 4. fxe5 Nxe4 5. Nf3 Nc6 6. Bb5 Be7 7. Qe2 Nc5 8. d4
Ne6 9. Be3 O-O 10. h4 f5 11. exf6 Bxf6 12. O-O-O Nb4 13. g4 c6 14. Bd3 Nxd3+ 15.
Qxd3 Be7 16. Ne5 Bd6 17. g5 Bxe5 18. dxe5 Qe7 19. Ne2 Bd7 20. Rdf1 b6 21. Ng3
Nc5 22. Qd4 Rxf1+ 23. Rxf1 Re8 24. Qf4 Bh3 25. Rf2 Nd7 26. Nh5 Nxe5 27. Kb1 Ng6
28. Qd4 Bg4 29. Nf6+ gxf6 30. gxf6 Qf7 31. Qxg4 Rxe3 32. b3 Qe6 33. f7+ Kf8 34.
Qb4+ c5 35. Qa4 Qe5 0-1